006430000a2200169000450024500890000065000260008965000240011565000250013965000320016465100130019665300520020965300550026165300500031604100140036610000250038077300680040510aAnálisis multivariado del complejo de tres especies de Brunellia ()14aSistemática vegetal14aTaxonomía vegetal14aMorfología vegetal14aDistribución geográfica 4pColombia fBrunelliaceaegBrunelliaeBrunelia antioquensis fBrunelliaceaegBrunelliaeBrunellia comocladifolia fBrunelliaceaegBrunelliaeBrunellia sibundoya0 aEspañol1 aOrozco, Clara Inés1 tAnnals of the Missouri Botanical Garden3157q970-994d1991g78